[Event "MVP-ch Seniors op 19th"]
[Site "Ostseebad Binz"]
[Date "2019.11.29"]
[Round "3"]
[White "Schulz, Gerhard"]
[Black "Petzold, Hans"]
[Result "1/2-1/2"]
[WhiteElo "1863"]
[BlackElo "1972"]
[PlyCount "36"]
[EventDate "2019.11.27"]
[EventType "swiss"]
[EventRounds "9"]
[EventCountry "GER"]
[SourceTitle "EXT 2021"]
[Source "ChessBase"]
[SourceDate "2020.10.23"]
[SourceVersion "1"]
[SourceVersionDate "2020.10.23"]
[SourceQuality "1"]

1. d4 Nf6 2. Nf3 d6 3. e3 g6 4. Be2 Bg7 5. 0-0 0-0 6. b3 c5 7. Bb2 Nbd7 8. c4 a6 9. Nc3 e6 10. Qd2 Re8 11. Rad1 Qc7 12. dxc5 dxc5 13. Ng5 e5 14. Bf3 h6 15. Nge4 Nxe4 16. Nxe4 Nf6 17. Nxf6+ Bxf6 18. Bd5 Qe7 1/2-1/2

[Event "MVP-ch Seniors op 19th"]
[Site "Ostseebad Binz"]
[Date "2019.11.28"]
[Round "2"]
[White "Petzold, Hans"]
[Black "Berger, Volkmar"]
[Result "1-0"]
[WhiteElo "1972"]
[BlackElo "1667"]
[PlyCount "61"]
[EventDate "2019.11.27"]
[EventType "swiss"]
[EventRounds "9"]
[EventCountry "GER"]
[SourceTitle "EXT 2021"]
[Source "ChessBase"]
[SourceDate "2020.10.23"]
[SourceVersion "1"]
[SourceVersionDate "2020.10.23"]
[SourceQuality "1"]

1. e4 d6 2. d4 g6 3. Nf3 Bg7 4. Bg5 c5 5. Nc3 cxd4 6. Nxd4 Qb6 7. Nb3 Be6 8. Qd2 a6 9. Be3 Qd8 10. Nd4 Bc8 11. Bc4 Nf6 12. f3 0-0 13. 0-0-0 Nbd7 14. Bh6 Ne5 15. Bb3 b5 16. Bxg7 Kxg7 17. g4 Nc4 18. Qf2 Bb7 19. h4 h5 20. Bxc4 bxc4 21. e5 Nd5 22. Nxd5 Bxd5 23. Nf5+ gxf5 24. Rxd5 e6 25. Rxd6 Qa5 26. Qe3 hxg4 27. fxg4 Rfd8 28. gxf5 Rxd6 29. f6+ Kf8 30. exd6 Rd8 31. Qa7 1-0

[Event "MVP-ch Seniors op 19th"]
[Site "Ostseebad Binz"]
[Date "2019.11.27"]
[Round "1"]
[White "Wenske, Hardy"]
[Black "Petzold, Hans"]
[Result "1/2-1/2"]
[WhiteElo "1689"]
[BlackElo "1972"]
[PlyCount "121"]
[EventDate "2019.11.27"]
[EventType "swiss"]
[EventRounds "9"]
[EventCountry "GER"]
[SourceTitle "EXT 2021"]
[Source "ChessBase"]
[SourceDate "2020.10.23"]
[SourceVersion "1"]
[SourceVersionDate "2020.10.23"]
[SourceQuality "1"]

1. Nf3 d6 2. d4 Nd7 3. Nbd2 e5 4. e3 g6 5. Bd3 Bg7 6. c3 Ne7 7. dxe5 dxe5 8. e4 Nc5 9. Bc4 Nd3+ 10. Bxd3 Qxd3 11. Qe2 Qxe2+ 12. Kxe2 b6 13. Rd1 Ba6+ 14. c4 0-0 15. b3 Nc6 16. Bb2 Nd4+ 17. Nxd4 exd4 18. Ke1 Rfe8 19. f3 f5 20. Kf2 c5 21. exf5 gxf5 22. f4 Re3 23. Re1 Rae8 24. Rad1 Bb7 25. g3 Kf7 26. Bc1 h5 27. h4 Bf6 28. Ba3 a5 29. Bc1 Bc6 30. a4 Rg8 31. Nf1 Rf3+ 32. Kg1 Be4 33. Rd2 Rxb3 34. Rb2 Rb4 35. Kh2 Rxa4 36. Rxb6 Rxc4 37. Rb2 d3 38. Ra2 Bc3 39. Bd2 Bb4 40. Ne3 Rd4 41. Rc1 Bxd2 42. Rxd2 c4 43. Rxc4 Rxc4 44. Nxc4 Ra8 45. Nb2 Rd8 46. Kg1 Rd4 47. Kf2 a4 48. Ke3 Rb4 49. Nxd3 Rb3 50. Ke2 a3 51. Ne5+ Ke8 52. Rd7 Rxg3 53. Ra7 Rg2+ 54. Ke3 a2 55. Kd4 Rd2+ 56. Kc3 Rf2 57. Ng6 Bd5 58. Kd4 Rf1 59. Kxd5 a1Q 60. Rxa1 Rxa1 61. Ke6 1/2-1/2

[Event "GER-ch Seniors 65+ 30th"]
[Site "Hamburg"]
[Date "2018.07.26"]
[Round "6"]
[White "Schmidt, Gerhard3333"]
[Black "Petzold, Hans"]
[Result "1/2-1/2"]
[WhiteElo "2174"]
[BlackElo "2042"]
[PlyCount "20"]
[EventDate "2018.07.21"]
[EventType "swiss"]
[EventRounds "9"]
[EventCountry "GER"]
[SourceTitle "EXT 2020"]
[Source "ChessBase"]
[SourceDate "2019.10.17"]
[SourceVersion "1"]
[SourceVersionDate "2019.10.17"]
[SourceQuality "1"]

1. d4 e6 2. c4 Nf6 3. Nf3 Bb4+ 4. Bd2 Qe7 5. e3 Bxd2+ 6. Qxd2 d6 7. Nc3 c6 8. Be2 e5 9. dxe5 dxe5 10. Rd1 e4 1/2-1/2

[Event "GER-ch Seniors 65"]
[Site "Hamburg"]
[Date "2018.07.21"]
[Round "1"]
[White "Dachrodt, Heinz Guenther"]
[Black "Petzold, Hans"]
[Result "0-1"]
[WhiteElo "1717"]
[BlackElo "2042"]
[PlyCount "82"]
[EventDate "2018.07.21"]
[EventType "swiss"]
[EventRounds "9"]
[EventCountry "GER"]
[SourceTitle "CBM 186 Extra"]
[Source "ChessBase"]
[SourceDate "2018.08.24"]
[SourceVersion "1"]
[SourceVersionDate "2018.08.24"]
[SourceQuality "1"]

1. e4 e6 2. d4 d5 3. exd5 exd5 4. Nc3 c6 5. Nf3 Bd6 6. Bd3 h6 7. Qe2+ Ne7 8. Be3 0-0 9. Qd2 Bf5 10. 0-0-0 Bxd3 11. Qxd3 Nd7 12. g4 Ng6 13. h4 Qf6 14. Nd2 Nf4 15. Bxf4 Qxf4 16. g5 h5 17. Qf3 g6 18. Qxf4 Bxf4 19. Rde1 Rfe8 20. Kd1 Re6 21. Rxe6 fxe6 22. Re1 e5 23. Ne2 Bxd2 24. Kxd2 Rf8 25. Ke3 Re8 26. Kd2 Rf8 27. dxe5 Nxe5 28. f4 Nf3+ 29. Kd1 Nxe1 30. Kxe1 Re8 31. Kd2 Re4 32. Kd3 c5 33. b3 b5 34. Nc3 Rd4+ 35. Ke3 a6 36. a3 Kf7 37. b4 Rc4 38. Nxd5 Rxc2 39. Kd3 Rc4 40. Ke3 cxb4 41. axb4 Ke6 0-1

[Event "GER-chT Seniors 25th"]
[Site "Magdeburg"]
[Date "2016.10.13"]
[Round "5.3"]
[White "Petzold, Hans"]
[Black "Ditmas, Hugh"]
[Result "0-1"]
[WhiteElo "2086"]
[BlackElo "1974"]
[PlyCount "102"]
[EventDate "2016.10.09"]
[EventType "team-swiss"]
[EventRounds "7"]
[EventCountry "GER"]
[SourceTitle "EXT 2019"]
[Source "ChessBase"]
[SourceDate "2018.10.10"]
[SourceVersion "1"]
[SourceVersionDate "2018.10.10"]
[SourceQuality "1"]
[WhiteTeam "Sachsen"]
[BlackTeam "Bremen"]
[WhiteTeamCountry "GER"]
[BlackTeamCountry "GER"]

1. e4 c5 2. Nc3 Nc6 3. f4 g6 4. Nf3 Bg7 5. Bb5 Nd4 6. a4 b6 7. 0-0 Bb7 8. d3 e6 9. Ne2 Nxf3+ 10. Rxf3 Ne7 11. Qe1 0-0 12. Rh3 f5 13. e5 d5 14. exd6 Qxd6 15. Nc3 Nd5 16. Qh4 h6 17. Bd2 a6 18. Bc4 Kf7 19. Re1 Rae8 20. Kh1 h5 21. Nd1 Qc6 22. Qf2 Qxa4 23. Bc3 Qc6 24. Bxd5 exd5 25. Be5 d4 26. c3 Re6 27. Rg3 Bxe5 28. fxe5 Qd5 29. Qf4 Kg7 30. Qg5 f4 31. c4 Qc6 32. Rf3 Rf5 33. Qh4 Rexe5 34. Ref1 Qf6 35. Qxf6+ Rxf6 36. R3f2 g5 37. Kg1 Kg6 38. h4 gxh4 39. Rxf4 Rxf4 40. Rxf4 Re1+ 41. Rf1 Rxf1+ 42. Kxf1 Kf5 43. Kf2 Kf4 44. b3 Bc8 45. Nb2 Bd7 46. Nd1 b5 47. Nb2 bxc4 48. dxc4 Ke4 49. Ke2 h3 50. gxh3 Bxh3 51. Nd3 Bf1+ 0-1

[Event "GER-chT Seniors 25th"]
[Site "Magdeburg"]
[Date "2016.10.11"]
[Round "3.19"]
[White "Petzold, Hans"]
[Black "Herbrechtsmeier, Christof"]
[Result "1/2-1/2"]
[WhiteElo "2086"]
[BlackElo "2249"]
[PlyCount "32"]
[EventDate "2016.10.09"]
[EventType "team-swiss"]
[EventRounds "7"]
[EventCountry "GER"]
[SourceTitle "EXT 2019"]
[Source "ChessBase"]
[SourceDate "2018.10.10"]
[SourceVersion "1"]
[SourceVersionDate "2018.10.10"]
[SourceQuality "1"]
[WhiteTeam "Sachsen"]
[BlackTeam "Baden"]
[WhiteTeamCountry "GER"]
[BlackTeamCountry "GER"]

1. e4 d5 2. exd5 Nf6 3. d4 Bg4 4. Be2 Bxe2 5. Qxe2 Qxd5 6. Nf3 e6 7. c4 Bb4+ 8. Nc3 Qe4 9. Be3 Bxc3+ 10. bxc3 0-0 11. 0-0 Nbd7 12. Rfe1 c5 13. Qb2 Qc6 14. Qb3 Rac8 15. Rac1 Qa6 16. Red1 Rc6 1/2-1/2

[Event "Hessen-ch Seniors op 12th"]
[Site "Bad Sooden-Allendorf"]
[Date "2016.05.01"]
[Round "2"]
[White "Ackermann, Hans Werner"]
[Black "Petzold, Hans"]
[Result "1-0"]
[WhiteElo "2307"]
[BlackElo "2065"]
[PlyCount "81"]
[EventDate "2016.04.30"]
[EventType "swiss"]
[EventRounds "9"]
[EventCountry "GER"]
[SourceTitle "EXT 2019"]
[Source "ChessBase"]
[SourceDate "2018.10.10"]
[SourceVersion "1"]
[SourceVersionDate "2018.10.10"]
[SourceQuality "1"]

1. Nf3 e6 2. b3 f5 3. Bb2 Nf6 4. c4 Be7 5. Nc3 0-0 6. e3 d6 7. d4 Qe8 8. g3 Ne4 9. Bg2 Nxc3 10. Bxc3 Nd7 11. 0-0 Bf6 12. Re1 e5 13. dxe5 Nxe5 14. Nd4 a6 15. f4 Nc6 16. Qd3 Bd7 17. Rac1 Qg6 18. c5 Kh8 19. Nxc6 Bxc6 20. Bxc6 bxc6 21. cxd6 cxd6 22. Bxf6 Qxf6 23. Rxc6 Rfd8 24. Rd1 Qe7 25. Kf2 Rac8 26. Rdc1 Rxc6 27. Rxc6 Qf6 28. Qc3 Qh6 29. h4 Qe6 30. Rc7 Rg8 31. Qd4 d5 32. b4 Qd6 33. Rc5 Rd8 34. a3 h6 35. Qc3 d4 36. Qxd4 Qe7 37. Rd5 Rc8 38. Qd3 Qf6 39. Qxf5 Qb2+ 40. Kf3 Re8 41. Qg6 1-0

[Event "MVP-ch Seniors op 15th"]
[Site "Binz"]
[Date "2015.12.02"]
[Round "9.12"]
[White "Petzold, Hans"]
[Black "Armbruester, Juergen"]
[Result "1-0"]
[WhiteElo "1920"]
[BlackElo "1833"]
[PlyCount "39"]
[EventDate "2015.11.24"]
[EventType "swiss"]
[EventRounds "9"]
[EventCountry "GER"]
[SourceTitle "EXT 2017"]
[Source "ChessBase"]
[SourceDate "2016.10.25"]
[SourceVersion "1"]
[SourceVersionDate "2016.10.25"]
[SourceQuality "1"]

1. e4 e5 2. Nf3 Nf6 3. Nxe5 d6 4. Nf3 Nxe4 5. Nc3 Nxc3 6. dxc3 Be7 7. Be3 0-0 8. Qd2 Nc6 9. 0-0-0 Be6 10. Kb1 Bf6 11. h3 Ne5 12. Nd4 Nc4 13. Bxc4 Bxc4 14. g4 Bxd4 15. Qxd4 Be6 16. f4 f6 17. Rhg1 b6 18. f5 Bd7 19. g5 Bxf5 20. Qd5+ 1-0

[Event "MVP-ch Seniors op 15th"]
[Site "Binz"]
[Date "2015.11.25"]
[Round "2.44"]
[White "Knoblach, Norbert"]
[Black "Petzold, Hans"]
[Result "0-1"]
[WhiteElo "1590"]
[BlackElo "1920"]
[PlyCount "54"]
[EventDate "2015.11.24"]
[EventType "swiss"]
[EventRounds "9"]
[EventCountry "GER"]
[SourceTitle "EXT 2017"]
[Source "ChessBase"]
[SourceDate "2016.10.25"]
[SourceVersion "1"]
[SourceVersionDate "2016.10.25"]
[SourceQuality "1"]

1. d4 e6 2. c4 f5 3. g3 Nf6 4. Bg2 Bb4+ 5. Bd2 Qe7 6. Nf3 0-0 7. 0-0 Bxd2 8. Nbxd2 d6 9. e3 e5 10. dxe5 dxe5 11. Ng5 Nc6 12. Nh3 Be6 13. a3 Rad8 14. Qc2 f4 15. exf4 Qd7 16. Bd5 Nxd5 17. cxd5 Qxd5 18. Ng5 Bf5 19. Qc4 exf4 20. gxf4 Nd4 21. Rad1 h6 22. Qxd5+ Rxd5 23. Ngf3 Ne2+ 24. Kh1 Rfd8 25. Rfe1 Nxf4 26. Re5 Rxe5 27. Nxe5 Bc2 0-1

[Event "GER-chT Seniors 24th"]
[Site "Berlin"]
[Date "2015.09.10"]
[Round "5.3"]
[White "Duemmke, Juergen"]
[Black "Petzold, Hans"]
[Result "1-0"]
[WhiteElo "1975"]
[BlackElo "2066"]
[PlyCount "99"]
[EventDate "2015.09.06"]
[EventType "team-swiss"]
[EventRounds "7"]
[EventCountry "GER"]
[SourceTitle "EXT 2018"]
[Source "ChessBase"]
[SourceDate "2017.10.13"]
[SourceVersion "1"]
[SourceVersionDate "2017.10.13"]
[SourceQuality "1"]
[WhiteTeam "Hessen Seniors II"]
[BlackTeam "Sachsen Seniors"]
[WhiteTeamCountry "GER"]
[BlackTeamCountry "GER"]

1. e4 e6 2. d4 d5 3. Nc3 Bb4 4. Nge2 dxe4 5. a3 Bxc3+ 6. Nxc3 Nf6 7. Bg5 Nbd7 8. Nxe4 h6 9. Bh4 g5 10. Nxf6+ Qxf6 11. Bg3 c5 12. c3 cxd4 13. cxd4 Qe7 14. Be2 Nb6 15. h4 Bd7 16. hxg5 Qxg5 17. Rh5 Qg6 18. Bd3 Qg7 19. Qe2 0-0-0 20. Rc5+ Bc6 21. Ba6 Kd7 22. Bxb7 Bd5 23. Bxd5 Nxd5 24. Qb5+ Ke7 25. Bh4+ f6 26. Bg3 Qg4 27. Qd3 Rd7 28. Kf1 Rg8 29. Re1 h5 30. Rc6 Nf4 31. Qe4 Nd5 32. Rxe6+ Kf7 33. Qc2 h4 34. Qh7+ Rg7 35. Qxh4 Qxh4 36. Bxh4 Rg4 37. R6e4 Rg8 38. Bg3 Rc8 39. Kg1 Rb7 40. R4e2 Rb3 41. Bd6 Rc6 42. Bc5 a5 43. g3 Rc8 44. Rc2 Rcb8 45. Ree2 Kg6 46. Kg2 Kf5 47. a4 Rg8 48. Bd6 Rb6 49. Bc7 Rb7 50. Rc5 1-0

[Event "GER-chT Seniors 24th"]
[Site "Berlin"]
[Date "2015.09.08"]
[Round "3.3"]
[White "Lainburg, Viktor"]
[Black "Petzold, Hans"]
[Result "1/2-1/2"]
[WhiteElo "2127"]
[BlackElo "2066"]
[PlyCount "54"]
[EventDate "2015.09.06"]
[EventType "team-swiss"]
[EventRounds "7"]
[EventCountry "GER"]
[SourceTitle "EXT 2018"]
[Source "ChessBase"]
[SourceDate "2017.10.13"]
[SourceVersion "1"]
[SourceVersionDate "2017.10.13"]
[SourceQuality "1"]
[WhiteTeam "Wuerttemberg Seniors II"]
[BlackTeam "Sachsen Seniors II"]
[WhiteTeamCountry "GER"]
[BlackTeamCountry "GER"]

1. Nf3 e6 2. g3 f5 3. Bg2 Nf6 4. 0-0 Be7 5. b3 d6 6. d4 0-0 7. Bb2 Qe8 8. c4 Ne4 9. Qc2 Nc6 10. a3 Bf6 11. b4 e5 12. d5 Ne7 13. Ne1 Qg6 14. f3 Ng5 15. Nc3 Bd7 16. Rc1 f4 17. Qxg6 Nxg6 18. Nd3 h5 19. Nb5 Bd8 20. gxf4 Nxf4 21. Nxf4 Rxf4 22. e3 Rxc4 23. Rxc4 Bxb5 24. Rfc1 Bxc4 25. Rxc4 h4 26. f4 exf4 27. exf4 Nh7 1/2-1/2

[Event "GER-chA Seniors 27th"]
[Site "Magdeburg"]
[Date "2015.08.17"]
[Round "3"]
[White "Kierzek, Matthias"]
[Black "Petzold, Hans"]
[Result "1/2-1/2"]
[WhiteElo "2218"]
[BlackElo "2079"]
[PlyCount "94"]
[EventDate "2015.08.15"]
[EventType "swiss"]
[EventRounds "9"]
[EventCountry "GER"]
[SourceTitle "EXT 2018"]
[Source "ChessBase"]
[SourceDate "2017.10.13"]
[SourceVersion "1"]
[SourceVersionDate "2017.10.13"]
[SourceQuality "1"]

1. d4 e6 2. c4 Nf6 3. Nf3 Bb4+ 4. Bd2 Qe7 5. g3 0-0 6. Bg2 Bxd2+ 7. Qxd2 d6 8. 0-0 e5 9. Nc3 c6 10. e4 Bg4 11. Nh4 Qd7 12. f3 Bh5 13. Rad1 Qc7 14. Bh3 Ne8 15. d5 c5 16. Nf5 Bg6 17. Ne3 a6 18. a4 b6 19. Ra1 a5 20. Nb5 Qd8 21. Bg4 f6 22. Be6+ Bf7 23. Nf5 Na6 24. f4 Nac7 25. fxe5 fxe5 26. Bxf7+ Rxf7 27. Nxc7 Nxc7 28. Rf2 Ne8 29. Raf1 Raa7 30. g4 h6 31. h4 Nf6 32. Qe2 Nh7 33. Rg2 Kh8 34. g5 hxg5 35. hxg5 Nxg5 36. Qh5+ Nh7 37. Rh2 g6 38. Qxg6 Rg7 39. Nxg7 Rxg7 40. Rxh7+ Rxh7 41. Qf6+ Rg7+ 42. Kh1 Qg8 43. Rf2 Qe8 44. Rh2+ Kg8 45. Qh6 Qg6 46. Qxg6 Rxg6 47. Rg2 Kg7 1/2-1/2